Представление документа в формате MARC21

Поле Инд. ПП Название Значение
Тип записи a
Библиографический уровень b
001 Контрольный номер RU/IS/BASE/102173840
005 Дата корректировки 20200529173605.6
008 Кодируемые данные 19951116
084 a Индекс другой классификации/Индекс ББК 40.38; 28.080
097 00 a 750
100 10 a Автор Рыжова И. М.
100 1_ a Автор Шамшин А. А.
245 00 a Заглавие Анализ чувствительности системы почва - растительный покров к изменениям параметров круговорота углерода в результате загрязнения
650 04 a Основная рубрика биология
a Основная рубрика биоэкология
a Основная рубрика почвоведение
a Основная рубрика сельское хозяйство
a Основная рубрика экология
a Основная рубрика экология почв
653 00 a Ключевые слова биосфера
a Ключевые слова дожди
a Ключевые слова загрязняющие вещества
a Ключевые слова кислотные осадки
a Ключевые слова металлы
a Ключевые слова почвы
a Ключевые слова тяжелые металлы
a Ключевые слова углерод
773 00 t Заглавие источника Вестник Московского университета. Серия 17, Почвоведение
d Дата издания источника 1995
g Прочая информация № 1. - С. 23 - 30
w Контрольный № источника RU/IS/BASE/102173639
901 t Тип документа b